Cameroon National Football Team - Statistics

General Stats
  • This quiz has been taken 121 times
  • The average score is 4 of 15
Answer Stats
Goals Caps Player % Correct
56 118 Samuel Eto'o
100%
5 137 Rigobert Song
67%
45 117 Vincent Aboubakar
58%
43 77 Roger Milla
51%
20 76 Eric Maxim Choupo-Moting
39%
0 73 Carlos Kameni
22%
13 118 Geremi
21%
2 83 Nicolas Nkoulou
19%
33 55 Patrick M'Boma
17%
26 73 François Omam-Biyik
12%
19 59 Pierre Webó
11%
15 59 André Kana-Biyik
10%
0 80 Jacques Songo'o
10%
17 102 Emmanuel Kundé
8%
21 57 Alphonse Tchami
3%
No matching quizzes found
Score Distribution
Percent of People with Each Score
Percentile by Number Answered
Your Score History
You have not taken this quiz